Príčiny rozhodovania voličov v dvojstraníckych a multistraníckych politických systémoch
Politické správanie voličov v rôznych politických systémoch. Predvolebná kampaň a rozhodovanie voliča. Interakcia politického vplyvu a moci ako elementárnych aspektov demokratického rozhodovacieho procesu. Politická kultúra.
Gespeichert in:
| 1. Verfasser: | |
|---|---|
| Format: | Buchkapitel |
| Sprache: | Slowakisch |
| Schlagworte: | |
| Tags: |
Keine Tags, Fügen Sie das erste Tag hinzu!
|
MARC
| LEADER | 00000naa$a2200000$$$4500 | ||
|---|---|---|---|
| 001 | 0089234 | ||
| 005 | 20241023141542.7 | ||
| 041 | 0 | |a slo | |
| 044 | |a SK | ||
| 245 | 1 | 0 | |a Príčiny rozhodovania voličov v dvojstraníckych a multistraníckych politických systémoch |c Peter Ondria |
| 520 | |a Politické správanie voličov v rôznych politických systémoch. Predvolebná kampaň a rozhodovanie voliča. Interakcia politického vplyvu a moci ako elementárnych aspektov demokratického rozhodovacieho procesu. Politická kultúra. | ||
| 610 | 2 | 0 | |a systémy politické |
| 610 | 2 | 0 | |a voľby |
| 610 | 2 | 0 | |a kampane volebné |
| 610 | 2 | 0 | |a demokracia |
| 610 | 2 | 0 | |a rozhodovanie |
| 610 | 2 | 0 | |a strany politické |
| 610 | 2 | 0 | |a kultúra politická |
| 100 | 1 | |a Ondria, Peter | |